000 00713nam a2200277Ia 4500
001 23303
005 20240114000718.0
007 ta
008 080101s1924 ii g b000 u 465 u
040 _aCotton College,Assam
041 _a465
082 _a337.2
_bC 839 In
100 _aCoyajee, J.C. .
245 0 _aThe Indian Fiscal Problem /
_cJ.C. Coyajee.
_hTextual Documents
250 _a!st ed. /
260 _aPatna :
_bPatna University ,
_c1924.
300 _a178p. ;
_c22cm
_e23cm.
653 _aEconomics
653 _aG-Economics
653 _aIndian Economy
653 _aPublic Finance
653 _aFiscal Policy
942 _2ddc
_cBK
999 _c23285
_d23285